000 00820nam a2200241Ia 4500
001 17053
003 GE_BSU
008 181216s||||||||xx |||||||||||||| ||und||
040 _cGE_BSU
080 _a821.161.1-31
100 _aნოვიკოვ-პრიბოი, ა.ს.
245 _aცუსიმა. წ. 1
245 _bრომანი
245 _cმთარგმ.: დ. დუმბაძე ; რედ.: ვ. წულუკიძე
260 _aთბილისი
260 _bსაბჭ. საქართველო
260 _c1958
300 _a388 გვ. 22 სმ.
520 _aსამხედრო-საზღვაო ტერმინების ლექსიკონი
653 _aრომანი
653 _aცუსიმა
942 _cBK
999 _c50115
_d50115